| 000 | 00452nam a2200157 4500 | ||
|---|---|---|---|
| 020 | _a970-10-6173-X, 978-970-10-6173-2 | ||
| 050 | _aTJ260 C4618 2007 | ||
| 082 | _a536.2 C395t | ||
| 100 | _aCengel, Yunus A. | ||
| 245 | _aTransferencia de calor y masa: Un enfoque práctico / Yunus A. Cengel | ||
| 250 | _a3 | ||
| 260 | _aMéxico : McGraw-Hill | ||
| 300 | _axxiv, 902 p. / 28 cm. | ||
| 500 | _aIncluye cd-rom. | ||
| 650 | _a1. TRANSFERENCIA DE CALOR | ||
| 999 |
_c26963 _d26963 |
||